Little Mexico (Record no. 6874)

MARC details
000 -CABECERA
campo de control de longitud fija 00687nam a2200229 a 4500
001 - NÚMERO DE CONTROL
campo de control BRCA_7193
005 - FECHA Y HORA DE LA ÚLTIMA TRANSACCIÓN
campo de control 20190320205739.0
008 - DATOS DE LONGITUD FIJA--INFORMACIÓN GENERAL
campo de control de longitud fija 160112s1932----nyua######---#000-0#eng-#
041 ## - CÓDIGO DE LENGUA
Código de lengua del texto/banda sonora o título independiente eng
044 ## - CÓDIGO DEL PAÍS DE LA ENTIDAD EDITORA/PRODUCTORA
Código MARC del país nyu
050 #4 - SIGNATURA TOPOGRÁFICA DE LA BIBLIOTECA DEL CONGRESO
Número de clasificación F1215
Número de documento/Ítem .S67 1932
100 1# - ENTRADA PRINCIPAL--NOMBRE DE PERSONA
Nombre de persona Spratling, William Philip
Fechas asociadas al nombre 1900-1967
9 (RLIN) 17825
245 10 - MENCIÓN DE TÍTULO
Título Little Mexico
Mención de responsabilidad, etc. William Spratling; Foreword by Diego Rivera; il. by the autor.
260 ## - PUBLICACIÓN, DISTRIBUCIÓN, ETC.
Lugar de publicación, distribución, etc. Nueva York
Nombre del editor, distribuidor, etc. J. Cape & H. Smith
Fecha de publicación, distribución, etc. c1932
300 ## - DESCRIPCIÓN FÍSICA
Extensión 198 p.
Otras características físicas il.
Dimensiones 22 cm.
500 ## - NOTA GENERAL
Nota general Estado físico: Camisa deteriorada
500 ## - NOTA GENERAL
Nota general P87
651 #4 - PUNTO DE ACCESO ADICIONAL DE MATERIA--NOMBRE GEOGRÁFICO
Nombre geográfico México
Subdivisión general Descripción y viajes
9 (RLIN) 103
700 1# - PUNTO DE ACCESO ADICIONAL--NOMBRE DE PERSONA
Nombre de persona Rivera, Diego
Fecha de publicación/de la obra 1886-1957
9 (RLIN) 1330
902 ## - CATALOGADOR
Iniciales GFM
942 ## - ELEMENTOS DE PUNTO DE ACCESO ADICIONAL (KOHA)
Fuente del sistema de clasificación o colocación Library of Congress Classification
Tipo de ítem Koha Libros
Holdings
Estado de retiro Estado de pérdida Estado dañado No para préstamo Localización permanente Ubicación/localización actual Fecha de adquisición Número de inventario Total de préstamos Signatura topográfica completa Código de barras Fecha visto por última vez Precio válido a partir de Tipo de ítem Koha
El ejemplar forma parte de la colección y puede ser consultado según las políticas vigentes.       Biblioteca del Museo Franz Mayer (Rogerio Casas-Alatriste) Biblioteca del Museo Franz Mayer (Rogerio Casas-Alatriste) 16/01/2012 P87   F1215 .S67 1932 (P87) 7647 22/03/2019 22/03/2019 Libros